• 首页
  • 本馆介绍
  • 公告通知
  • 最新文献
  • 馆藏检索
  • 电子资源
  • 读者导购
  • 参考咨询
  • 我的图书馆
  • 登录
  • 详细信息显示
  • 放入我的书架
  • 预约/预借图书
  • 作者相关作品
  • 分类相关作品
  • 丛书相关作品
  • 出版社相关作品

书目信息

  • 表格格式
  • 工作单格式
  • 卡片格式
题名:
礼物
    
 
作者: 孙静 编著
分册:  
出版信息: 北京   中国华侨出版社  2018
页数: 370页
开本: 26cm
丛书名:
单 册:
中图分类: C913.14
科图分类:
主题词: 两性交往--liang xing jiao wang
电子资源:
ISBN: 978-7-5113-7205-5
000 00905nam0 2200253 450
001 012001002527
005 20130123154729.0
010    @a978-7-5113-7205-5@b精装@dCNY75.00
099    @aCAL 012018083927
100    @a20180416d2018 em y0chiy50 ea
101 0  @achi
102    @aCN@b110000
105    @aa z 000yy
106    @ar
200 1  @a礼物@Ali wu@e赠给男人@f孙静编著
210    @a北京@c中国华侨出版社@d2018
215    @a370页@c彩图@d26cm
330    @a本书内容包括: 温暖情书 —— 最简单真实的浪漫 ; 明信片 —— 手写一份惊喜与幸福 ; 书籍 —— 智慧和气质让你更迷人 ; 钢笔 —— 坚毅与刚正的最佳代表 ; 茗茶 —— 细品人生, 享受慢生活 ; 美酒 —— 浓烈与醇香的男子汉气概等。
517 1  @a赠给男人@Azeng gei nan ren
606 0  @a两性交往@Aliang xing jiao wang
690    @aC913.14@v5
701  0 @a孙静@Asun jing@4编著
801  2 @aCN@b江苏凤凰@c20191020
905    @b1216081-3@dC913.14@e1630@f3
    
    礼物:赠给男人/孙静编著.-北京:中国华侨出版社,2018
    370页:彩图;26cm
    
    
    ISBN 978-7-5113-7205-5(精装):CNY75.00
    本书内容包括: 温暖情书 —— 最简单真实的浪漫 ; 明信片 —— 手写一份惊喜与幸福 ; 书籍 —— 智慧和气质让你更迷人 ; 钢笔 —— 坚毅与刚正的最佳代表 ; 茗茶 —— 细品人生, 享受慢生活 ; 美酒 —— 浓烈与醇香的男子汉气概等。
●
相关链接 在E读中查询图书 在五车中查询图书 在当当中查询图书 在豆瓣中查询图书


正题名:礼物     索取号:C913.14/1630         预约/预借

序号 登录号 条形码 馆藏地/架位号 状态 备注
1 1216081   212160819   第一样本阅览室/ [索取号:C913.14/1630] 在馆    
2 1216082   212160828   第一借阅区/ [索取号:C913.14/1630] 在馆    
3 1216083   212160837   教育系资料室/ [索取号:C913.14/1630] 在馆    
唐山师范学院图书馆 欢迎您!
大连网信软件有限公司© 版权所有